Constitutional Law of India (Record no. 19416)

MARC details
000 -LEADER
fixed length control field 00357nam a2200145Ia 4500
008 - FIXED-LENGTH DATA ELEMENTS--GENERAL INFORMATION
fixed length control field 221220s9999 xx 000 0 und d
020 ## - INTERNATIONAL STANDARD BOOK NUMBER
ISBN 978-93-91787-60-8
041 ## - LANGUAGE CODE
Language code of text/sound track or separate title
100 ## - MAIN ENTRY--AUTHOR NAME
Personal name N. Kumar
245 #0 - TITLE STATEMENT
Title Constitutional Law of India
Statement of responsibility, etc by N. Kumar
260 ## - PUBLICATION, DISTRIBUTION, ETC. (IMPRINT)
Name of publisher ALA
Place of publication Haryana
Year of publication 2022
300 ## - PHYSICAL DESCRIPTION
Number of Pages 1176
650 ## - SUBJECT ADDED ENTRY--TOPICAL TERM
Topical Term Constitution
942 ## - ADDED ENTRY ELEMENTS (KOHA)
Source of classification or shelving scheme
Koha item type Books
Holdings
Accession Number Cost, normal purchase price Bill Date Source of acquisition Price effective from Koha item type Withdrawn / writtenoff status Materials specified (bound volume or other part) Damaged status Not for loan Permanent Location Current Location Shelving location Date acquired Lost/ Missing status department
LLB 393 895.00 87 ABD, Jammu 12/20/2022 Books   Print   Not For Loan MIET Library, Jammu MIET Library, Jammu 180/3     BBA LLB
LLB 394 895.00 87 ABD, Jammu 12/20/2022 Books   Print     MIET Library, Jammu MIET Library, Jammu 179/3     BBA LLB
LLB 395 895.00 87 ABD, Jammu 12/20/2022 Books   Print     MIET Library, Jammu MIET Library, Jammu 179/3     BBA LLB
LLB 396 895.00 87 ABD, Jammu 12/20/2022 Books   Print     MIET Library, Jammu MIET Library, Jammu 179/3     BBA LLB